| 000 | 00889nam a2200217 i 4500 | ||
|---|---|---|---|
| 005 | 20171212141725.0 | ||
| 008 | 070905s2004 xxua f |001 0 eng c | ||
| 020 | _a1587051052 | ||
| 035 | _azz2007792300 | ||
| 039 | 9 |
_a201607121353 _bkopilwa _c200709100908 _dpw _c200709070105 _dVLOAD _c200709061054 _dqbb _y200709051108 _zvpw |
|
| 040 |
_aWA 72/01OMK _cWA 72/01OMK _dWA 72/01OMW |
||
| 100 | 1 | _aAlwayn, Vivek. | |
| 245 | 1 | 0 |
_aOptical network design and implementation / _cVivek Alwayn. |
| 260 |
_aIndianapolis : _bCisco Press, _ccop. 2004. |
||
| 300 |
_aXXXI, 809 s. : _bil. ; _c24 cm. |
||
| 500 | _aNa okł.: A comprehensive guide to understanding and configuring multiservice DWDM, SONET, and SDH architectures. | ||
| 500 | _aNa okł.: Vivek Alwayn, CCIE No. 2995. U góry okł.: Cisco Systems. | ||
| 504 | _aBibliogr. s. [759]-760. Indeks. | ||
| 920 | _a1-58705-105-2 | ||
| 961 | _aWA_310 WA_72 | ||
| 999 |
_aVIRTUA40 _c17308 _d17308 |
||